000 01831nam0a22003971 4500
001 v19\rc\1772825
005 20260405065044.0
035 _a(NLR Aleph) 004897792
090 _a5340883
_c5340883
100 _a20061204d1904 |||y0rusy50 ca
101 0 _arus
102 _aRU
105 _ay z |||||
200 1 _aСведения о греческих рукописях канонического содержания в библиотеках монастырей Ватопеда и Лавры св. Афанасия на Афоне
_f[Соч.] В.Н. Бемешевича
210 _aСанкт-Петербург
_cтип. Имп. Акад. наук
_d1904
215 _a[2], 104 с.
_d28
225 1 _aВизантийский временник
_eПрил. к 11 т.
_v№ 2
300 _aТит. л. и обл. на рус. и греч. яз.
316 _aЭкз. РНБ (П23/1359): припл. к журн. ...
_5NLR: П23/1359
482 0 _12001#$aВизантийский временник
_tВизантийский временник
532 1 3 _aСведения о греческих рукописях канонического содержания в библиотеках монастырей Ватопеда и Лавры св. Афанасия на Афоне
700 1 _8rus
_7ca
_aБенешевич
_bВ. Н.
_f1874-1938
_gВладимир Николаевич
_3RU\NLR\AUTH\7722979
_96033
801 0 _aRU
_bNLR
_gpsbo
801 0 _aRU
_bRuMoRGB
_2psbo
801 1 _aRU
_bProSoft-M
_2rusmarc
852 _aNLR
_j96/1624
852 _aNLR
_jП23/1359
899 _aRuMoRGB
_jXXIV 107/5 (№ 2)
899 _aRuMoRGB
_jXXIV 107/6
899 _aRuMoRGB
_jXXIV 107/7
899 _aБАН
899 _aНБ СПбГУ
899 _aНБ МГУ
942 _cBOOK
980 _aNB